[Event "NOR Ostfold-ch"]
[Site "Halden"]
[Date "2013.02.24"]
[Round "6"]
[White "Tosi, Valerio"]
[Black "Braathen, Didrik"]
[Result "1/2-1/2"]
[WhiteElo "1176"]
[BlackElo "1399"]
[PlyCount "48"]
[EventDate "2013.02.23"]
[EventType "swiss"]
[EventRounds "6"]
[EventCountry "NOR"]
[SourceTitle "EXT 2024"]
[Source "ChessBase"]
[SourceDate "2023.10.10"]
[SourceVersion "1"]
[SourceVersionDate "2023.10.10"]
[SourceQuality "1"]

1. e4 c5 2. Bc4 d6 3. d3 g6 4. Nf3 Bg7 5. Ng5 e6 6. Qf3 Nf6 7. Qh3 Nc6 8. 0-0 Nd4 9. Na3 Ne2+ 10. Kh1 Nxc1 11. Qf3 Ne2 12. Qxe2 Nh5 13. Bb5+ Bd7 14. Bxd7+ Kxd7 15. Nxf7 Qe8 16. Nxh8 Qxh8 17. c3 Be5 18. g3 Qf6 19. d4 cxd4 20. Qb5+ Kc7 21. Rac1 Qf3+ 22. Kg1 Nf4 23. cxd4+ Kd8 24. gxf4 Qg4+ 1/2-1/2

[Event "Nord Odal Sommer GP B"]
[Site "Sagstua"]
[Date "2010.06.13"]
[Round "4"]
[White "Brobakken, Sindre"]
[Black "Braathen, Didrik"]
[Result "0-1"]
[WhiteElo "1165"]
[BlackElo "920"]
[PlyCount "66"]
[EventDate "2010.06.12"]
[EventType "swiss"]
[EventRounds "5"]
[EventCountry "NOR"]
[SourceTitle "EXT 2024"]
[Source "ChessBase"]
[SourceDate "2023.10.10"]
[SourceVersion "1"]
[SourceVersionDate "2023.10.10"]
[SourceQuality "1"]

1. Nf3 d5 2. g3 Bf5 3. Bg2 Nc6 4. d3 g6 5. Nbd2 Bg7 6. 0-0 e5 7. e4 Be6 8. Re1 d4 9. Nb3 Bh6 10. Bxh6 Nxh6 11. Qc1 Ng8 12. Ng5 Bd7 13. Nc5 h6 14. Nxd7 hxg5 15. Nc5 b6 16. Nb3 g4 17. f4 gxf3 18. Bxf3 f6 19. c3 Nge7 20. cxd4 Nxd4 21. Nxd4 Qxd4+ 22. Re3 Rd8 23. Qd2 f5 24. Kg2 f4 25. gxf4 exf4 26. Re2 g5 27. Rd1 Ng6 28. Qc3 Nh4+ 29. Kf1 Qxc3 30. bxc3 Nxf3 31. e5 Rxh2 32. Rxh2 Nxh2+ 33. Kg2 Ng4 0-1

[Event "Nord Odal Sommer GP B"]
[Site "Sagstua"]
[Date "2010.06.12"]
[Round "1"]
[White "Braathen, Didrik"]
[Black "Kittilsen, Sigurd"]
[Result "0-1"]
[WhiteElo "920"]
[BlackElo "1337"]
[PlyCount "108"]
[EventDate "2010.06.12"]
[EventType "swiss"]
[EventRounds "5"]
[EventCountry "NOR"]
[SourceTitle "EXT 2024"]
[Source "ChessBase"]
[SourceDate "2023.10.10"]
[SourceVersion "1"]
[SourceVersionDate "2023.10.10"]
[SourceQuality "1"]

1. e4 c5 2. d3 g6 3. g3 Bg7 4. Bg2 Nc6 5. Nc3 Nf6 6. Be3 d6 7. Qd2 Ng4 8. Nge2 Nxe3 9. Qxe3 0-0 10. 0-0 Nd4 11. Rac1 Bg4 12. f3 Be6 13. Nd1 Bh6 14. Nf4 Bxa2 15. b3 e5 16. Nc3 exf4 17. gxf4 Qa5 18. Nd5 Qd8 19. Bh3 Qh4 20. Bg2 Bxf4 21. Nxf4 Qxf4 22. Qxf4 Ne2+ 23. Kf2 Nxf4 24. Ra1 Bxb3 25. cxb3 Nxd3+ 26. Ke3 Nb4 27. Rac1 Rfe8 28. Rfd1 b6 29. Bh3 d5 30. Kf4 dxe4 31. fxe4 Rad8 32. Kg5 Rxd1 33. Rxd1 Kg7 34. Rd7 Rxe4 35. Bg4 h6+ 36. Kh4 h5 37. Kg3 Rxg4+ 38. Kh3 b5 39. Rxf7+ Kh6 40. Rh7+ Kg5 41. Rxh5+ Kf4 42. Rf5+ Ke4 43. Re5+ Kxe5 44. Kxg4 Nd5 45. Kg5 Nf4 46. h4 c4 47. bxc4 bxc4 48. Kg4 c3 49. h5 Nxh5 50. Kg5 c2 51. Kxg6 c1Q 52. Kxh5 Qg1 53. Kh6 Kf6 54. Kh7 Qg7# 0-1